[Event "Villarobledo Online Qualifyer"]
[Site "playchess.com #155672"]
[Date "2009.05.23"]
[Round "1"]
[White "Maguljica"]
[Black "Freuds"]
[Result "1-0"]
[WhiteElo "2116"]
[BlackElo "1466"]
[PlyCount "25"]
[EventDate "2009.05.23"]
[EventType "swiss (blitz)"]

1. d4 {[%emt 0:00:04]} Nf6 {[%emt 0:00:02]} 2. c4 {[%emt 0:00:03]} e6 {[%emt 0:
00:01]} 3. Nc3 {[%emt 0:00:03]} Bb4 {[%emt 0:00:02]} 4. Qc2 {[%emt 0:00:01]} d5
{[%emt 0:00:02]} 5. a3 {[%emt 0:00:01]} Bxc3+ {[%emt 0:00:02]} 6. Qxc3 {[%emt
0:00:00]} Ne4 {[%emt 0:00:01]} 7. Qc2 {[%emt 0:00:01]} Qf6 {[%emt 0:00:04]} 8.
Nf3 {[%emt 0:00:03]} Nc6 {[%emt 0:00:03]} 9. e3 {[%emt 0:00:03]} Bd7 {[%emt 0:
00:23]} 10. Bd3 {[%emt 0:00:07]} e5 {[%emt 0:00:09]} 11. cxd5 {[%emt 0:00:03]}
Nxd4 {[%emt 0:00:08]} 12. exd4 {[%emt 0:00:07]} Ng5 {[%emt 0:00:13]} 13. Bxg5 {
[%emt 0:00:03] Freuds abandonne} 1-0

[Event "Villarobledo Online Qualifyer"]
[Site "playchess.com #155672"]
[Date "2009.05.23"]
[Round "1"]
[White "Blitz Teufel"]
[Black "Artur95"]
[Result "0-1"]
[WhiteElo "1665"]
[BlackElo "2330"]
[PlyCount "42"]
[EventDate "2009.05.23"]
[EventType "swiss (blitz)"]

1. d4 {[%emt 0:00:03]} d5 {[%emt 0:00:03]} 2. Nf3 {[%emt 0:00:02]} Nf6 {[%emt
0:00:06]} 3. c4 {[%emt 0:00:01]} e6 {[%emt 0:00:01]} 4. Nc3 {[%emt 0:00:02]}
Nbd7 {[%emt 0:00:02]} 5. g3 {[%emt 0:00:01]} dxc4 {[%emt 0:00:01]} 6. Bg2 {
[%emt 0:00:02]} Be7 {[%emt 0:00:00]} 7. O-O {[%emt 0:00:01]} O-O {[%emt 0:00:
04]} 8. Ne5 {[%emt 0:00:01]} c5 {[%emt 0:00:03]} 9. Nxd7 {[%emt 0:00:02]} Nxd7
{[%emt 0:00:06]} 10. d5 {[%emt 0:00:03]} exd5 {[%emt 0:00:02]} 11. Nxd5 {[%emt
0:00:02]} Nb6 {[%emt 0:00:06]} 12. Nxe7+ {[%emt 0:00:02]} Qxe7 {[%emt 0:00:01]}
13. Bf4 {[%emt 0:00:04]} Rd8 {[%emt 0:00:03]} 14. Qc2 {[%emt 0:00:03]} Be6 {
[%emt 0:00:00]} 15. e4 {[%emt 0:00:05]} Rd4 {[%emt 0:00:03]} 16. Be5 {[%emt 0:
00:07]} Rd3 {[%emt 0:00:03]} 17. b3 {[%emt 0:00:09]} Rad8 {[%emt 0:00:01]} 18.
bxc4 {[%emt 0:00:07]} Bxc4 {[%emt 0:00:01]} 19. Rfd1 {[%emt 0:00:03]} Qxe5 {
[%emt 0:00:05]} 20. Rxd3 {[%emt 0:00:08]} Qxa1+ {[%emt 0:00:01]} 21. Bf1 {
[%emt 0:00:02]} Qxf1+ {[%emt 0:00:06]} 0-1

[Event "Villarobledo Online Qualifyer"]
[Site "playchess.com #155672"]
[Date "2009.05.23"]
[Round "1"]
[White "TheMaster15"]
[Black "Krondor"]
[Result "1-0"]
[WhiteElo "2321"]
[BlackElo "1597"]
[PlyCount "35"]
[EventDate "2009.05.23"]
[EventType "swiss (blitz)"]

1. e4 {[%emt 0:00:01]} e5 {[%emt 0:00:03]} 2. Nc3 {[%emt 0:00:01]} Nf6 {[%emt
0:00:02]} 3. f4 {[%emt 0:00:02]} exf4 {[%emt 0:00:03]} 4. e5 {[%emt 0:00:00]}
Qe7 {[%emt 0:00:01]} 5. Nf3 {[%emt 0:00:03]} Nc6 {[%emt 0:00:02]} 6. d4 {[%emt
0:00:03]} d6 {[%emt 0:00:05]} 7. Bxf4 {[%emt 0:00:01]} dxe5 {[%emt 0:00:06]} 8.
dxe5 {[%emt 0:00:01]} Bg4 {[%emt 0:00:03]} 9. Bb5 {[%emt 0:00:05]} Nd7 {[%emt
0:00:18]} 10. Qe2 {[%emt 0:00:04]} Bxf3 {[%emt 0:00:06]} 11. gxf3 {[%emt 0:00:
02]} O-O-O {[%emt 0:00:11]} 12. Bxc6 {[%emt 0:00:02]} bxc6 {[%emt 0:00:02]} 13.
O-O-O {[%emt 0:00:03]} f6 {[%emt 0:00:06]} 14. Qa6+ {[%emt 0:00:03]} Kb8 {
[%emt 0:00:03]} 15. Rhe1 {[%emt 0:00:07]} g5 {[%emt 0:00:08]} 16. Be3 {[%emt 0:
00:01]} c5 {[%emt 0:00:03]} 17. exf6 {[%emt 0:00:03]} Qxf6 {[%emt 0:00:04]} 18.
Qxf6 {[%emt 0:00:07] Krondor resigns} 1-0

[Event "Villarobledo Online Qualifyer"]
[Site "playchess.com #155672"]
[Date "2009.05.23"]
[Round "1"]
[White "Dereito"]
[Black "Nounours"]
[Result "1-0"]
[WhiteElo "2109"]
[BlackElo "1440"]
[PlyCount "25"]
[EventDate "2009.05.23"]
[EventType "swiss (blitz)"]

1. d4 {[%emt 0:00:08]} c5 {[%emt 0:00:02]} 2. c3 {[%emt 0:00:01]} d5 {[%emt 0:
00:02]} 3. a3 {[%emt 0:00:02]} a5 {[%emt 0:00:18]} 4. Nf3 {[%emt 0:00:04]} Nc6
{[%emt 0:00:01]} 5. Bf4 {[%emt 0:00:03]} Nf6 {[%emt 0:00:07]} 6. Nbd2 {[%emt 0:
00:02]} Bf5 {[%emt 0:00:09]} 7. e3 {[%emt 0:00:01]} Ne4 {[%emt 0:00:02]} 8. h3
{[%emt 0:00:02]} h6 {[%emt 0:00:18]} 9. Be2 {[%emt 0:00:02]} g5 {[%emt 0:00:02]
} 10. Be5 {[%emt 0:00:03]} Nxe5 {[%emt 0:00:08]} 11. Nxe5 {[%emt 0:00:01]} f6 {
[%emt 0:00:03]} 12. Bh5+ {[%emt 0:00:02]} Bg6 {[%emt 0:00:20]} 13. Bxg6# {
[%emt 0:00:09]} 1-0

[Event "Villarobledo Online Qualifyer"]
[Site "playchess.com #155672"]
[Date "2009.05.23"]
[Round "1"]
[White "Sparta Praha"]
[Black "BigBee"]
[Result "1-0"]
[WhiteElo "2677"]
[BlackElo "1803"]
[PlyCount "53"]
[EventDate "2009.05.23"]
[EventType "swiss (blitz)"]

1. Nf3 {[%emt 0:00:02]} Nf6 {[%emt 0:00:02]} 2. c4 {[%emt 0:00:01]} g6 {[%emt
0:00:01]} 3. g3 {[%emt 0:00:01]} Bg7 {[%emt 0:00:01]} 4. Bg2 {[%emt 0:00:01]}
O-O {[%emt 0:00:01]} 5. O-O {[%emt 0:00:01]} d6 {[%emt 0:00:01]} 6. d4 {[%emt
0:00:04]} Nc6 {[%emt 0:00:01]} 7. Nc3 {[%emt 0:00:01]} a6 {[%emt 0:00:02]} 8.
b3 {[%emt 0:00:02]} Rb8 {[%emt 0:00:01]} 9. Nd5 {[%emt 0:00:01]} e6 {[%emt 0:
00:02]} 10. Nxf6+ {[%emt 0:00:02]} Bxf6 {[%emt 0:00:00]} 11. Bh6 {[%emt 0:00:
02]} Bg7 {[%emt 0:00:02]} 12. Qd2 {[%emt 0:00:03]} e5 {[%emt 0:00:05]} 13. Rad1
{[%emt 0:00:05]} exd4 {[%emt 0:00:06]} 14. Bxg7 {[%emt 0:00:01]} Kxg7 {[%emt 0:
00:02]} 15. Nxd4 {[%emt 0:00:01]} Nxd4 {[%emt 0:00:02]} 16. Qxd4+ {[%emt 0:00:
01]} Qf6 {[%emt 0:00:02]} 17. Qa7 {[%emt 0:00:02]} Bd7 {[%emt 0:00:18]} 18. Rd2
{[%emt 0:00:03]} c6 {[%emt 0:00:20]} 19. Qd4 {[%emt 0:00:04]} d5 {[%emt 0:00:
15]} 20. cxd5 {[%emt 0:00:03]} cxd5 {[%emt 0:00:03]} 21. Bxd5 {[%emt 0:00:01]}
Bb5 {[%emt 0:00:07]} 22. Qxf6+ {[%emt 0:00:04]} Kxf6 {[%emt 0:00:01]} 23. Rc1 {
[%emt 0:00:01]} Rfd8 {[%emt 0:00:06]} 24. e4 {[%emt 0:00:17]} Rd6 {[%emt 0:00:
05]} 25. f4 {[%emt 0:00:02]} Rdd8 {[%emt 0:00:01]} 26. Rc7 {[%emt 0:00:02]} Bc6
{[%emt 0:00:06]} 27. Rxf7# {[%emt 0:00:02]} 1-0

[Event "Villarobledo Online Qualifyer"]
[Site "playchess.com #155672"]
[Date "2009.05.23"]
[Round "1"]
[White "Stefanovitch"]
[Black "Mtv star"]
[Result "0-1"]
[WhiteElo "1641"]
[BlackElo "2323"]
[PlyCount "42"]
[EventDate "2009.05.23"]
[EventType "swiss (blitz)"]

1. f4 {[%emt 0:00:08]} d5 {[%emt 0:00:02]} 2. Nf3 {[%emt 0:00:02]} Nf6 {[%emt
0:00:04]} 3. e3 {[%emt 0:00:05]} g6 {[%emt 0:00:02]} 4. Be2 {[%emt 0:00:02]}
Bg7 {[%emt 0:00:01]} 5. O-O {[%emt 0:00:01]} O-O {[%emt 0:00:09]} 6. d4 {[%emt
0:00:01]} c6 {[%emt 0:00:09]} 7. b3 {[%emt 0:00:01]} Ne4 {[%emt 0:00:02]} 8.
Bb2 {[%emt 0:00:04]} a5 {[%emt 0:00:03]} 9. Nbd2 {[%emt 0:00:01]} Nd7 {[%emt 0:
00:04]} 10. Nxe4 {[%emt 0:00:02]} dxe4 {[%emt 0:00:00]} 11. Nd2 {[%emt 0:00:01]
} f5 {[%emt 0:00:04]} 12. c4 {[%emt 0:00:01]} e6 {[%emt 0:00:04]} 13. g4 {
[%emt 0:00:09]} c5 {[%emt 0:00:07]} 14. g5 {[%emt 0:00:22]} Nb8 {[%emt 0:00:13]
} 15. Qc2 {[%emt 0:00:04]} cxd4 {[%emt 0:00:03]} 16. exd4 {[%emt 0:00:12]}
Bxd4+ {[%emt 0:00:00]} 17. Kh1 {[%emt 0:00:02]} Nc6 {[%emt 0:00:10]} 18. a3 {
[%emt 0:00:04]} Bxb2 {[%emt 0:00:04]} 19. Qxb2 {[%emt 0:00:02]} Qd4 {[%emt 0:
00:00]} 20. Qxd4 {[%emt 0:00:26]} Nxd4 {[%emt 0:00:00]} 21. Rfe1 {[%emt 0:00:
03]} Nc2 {[%emt 0:00:02] Stefanovitch abandonne} 0-1

[Event "Villarobledo Online Qualifyer"]
[Site "playchess.com #155672"]
[Date "2009.05.23"]
[Round "1"]
[White "Master of poker"]
[Black "Elo 84"]
[Result "1-0"]
[WhiteElo "2497"]
[BlackElo "1691"]
[PlyCount "55"]
[EventDate "2009.05.23"]
[EventType "swiss (blitz)"]

1. e4 {[%emt 0:00:01]} c5 {[%emt 0:00:05]} 2. Nf3 {[%emt 0:00:03]} d6 {[%emt 0:
00:01]} 3. d4 {[%emt 0:00:01]} cxd4 {[%emt 0:00:01]} 4. Nxd4 {[%emt 0:00:00]}
Nf6 {[%emt 0:00:01]} 5. Nc3 {[%emt 0:00:00]} a6 {[%emt 0:00:01]} 6. Be3 {[%emt
0:00:01]} e6 {[%emt 0:00:01]} 7. f4 {[%emt 0:00:01]} Qc7 {[%emt 0:00:04]} 8.
Qf3 {[%emt 0:00:01]} b5 {[%emt 0:00:02]} 9. O-O-O {[%emt 0:00:01]} Bb7 {[%emt
0:00:01]} 10. Bd3 {[%emt 0:00:00]} Nbd7 {[%emt 0:00:05]} 11. g4 {[%emt 0:00:01]
} Nb6 {[%emt 0:00:02]} 12. g5 {[%emt 0:00:02]} Nfd7 {[%emt 0:00:01]} 13. Kb1 {
[%emt 0:00:05]} b4 {[%emt 0:00:08]} 14. Nce2 {[%emt 0:00:02]} Rc8 {[%emt 0:00:
02]} 15. h4 {[%emt 0:00:04]} g6 {[%emt 0:00:02]} 16. h5 {[%emt 0:00:01]} Bg7 {
[%emt 0:00:20]} 17. hxg6 {[%emt 0:00:01]} hxg6 {[%emt 0:00:01]} 18. Rxh8+ {
[%emt 0:00:01]} Bxh8 {[%emt 0:00:01]} 19. Qh3 {[%emt 0:00:03]} Bg7 {[%emt 0:00:
02]} 20. Qh7 {[%emt 0:00:14]} Kf8 {[%emt 0:00:04]} 21. Rf1 {[%emt 0:00:09]} Na4
{[%emt 0:00:06]} 22. f5 {[%emt 0:00:10]} gxf5 {[%emt 0:00:02]} 23. exf5 {[%emt
0:00:04]} e5 {[%emt 0:00:01]} 24. f6 {[%emt 0:00:02]} exd4 {[%emt 0:00:26]} 25.
fxg7+ {[%emt 0:00:04]} Ke7 {[%emt 0:00:02]} 26. Bxd4 {[%emt 0:00:03]} Qd8 {
[%emt 0:00:18]} 27. Rxf7+ {[%emt 0:00:02]} Kxf7 {[%emt 0:00:11]} 28. g8=Q# {
[%emt 0:00:02]} 1-0

[Event "Villarobledo Online Qualifyer"]
[Site "playchess.com #155672"]
[Date "2009.05.23"]
[Round "1"]
[White "Ricardov"]
[Black "Antlew3"]
[Result "1-0"]
[WhiteElo "2437"]
[BlackElo "1686"]
[PlyCount "95"]
[EventDate "2009.05.23"]
[EventType "swiss (blitz)"]

1. e4 {[%emt 0:00:00]} b6 {[%emt 0:00:01]} 2. d4 {[%emt 0:00:01]} Bb7 {[%emt 0:
00:01]} 3. Bd3 {[%emt 0:00:00]} e6 {[%emt 0:00:01]} 4. Nc3 {[%emt 0:00:01]} Bb4
{[%emt 0:00:02]} 5. a3 {[%emt 0:00:02]} Bxc3+ {[%emt 0:00:01]} 6. bxc3 {[%emt
0:00:00]} Ne7 {[%emt 0:00:01]} 7. f4 {[%emt 0:00:02]} O-O {[%emt 0:00:05]} 8.
Nf3 {[%emt 0:00:01]} f5 {[%emt 0:00:01]} 9. Qe2 {[%emt 0:00:02]} fxe4 {[%emt 0:
00:04]} 10. Bxe4 {[%emt 0:00:00]} Bxe4 {[%emt 0:00:01]} 11. Qxe4 {[%emt 0:00:
01]} Nbc6 {[%emt 0:00:01]} 12. O-O {[%emt 0:00:02]} Ng6 {[%emt 0:00:04]} 13.
Bd2 {[%emt 0:00:03]} Nce7 {[%emt 0:00:01]} 14. Ne5 {[%emt 0:00:01]} Rf6 {[%emt
0:00:09]} 15. a4 {[%emt 0:00:04]} a5 {[%emt 0:00:02]} 16. g3 {[%emt 0:00:03]}
Nf5 {[%emt 0:00:04]} 17. Nxd7 {[%emt 0:00:06]} Nd6 {[%emt 0:00:11]} 18. Nxf6+ {
[%emt 0:00:02]} Qxf6 {[%emt 0:00:06]} 19. Qxa8+ {[%emt 0:00:01]} Nf8 {[%emt 0:
00:02]} 20. Rae1 {[%emt 0:00:03]} Nc4 {[%emt 0:00:01]} 21. Bc1 {[%emt 0:00:05]}
h5 {[%emt 0:00:04]} 22. Qc6 {[%emt 0:00:02]} Nd6 {[%emt 0:00:07]} 23. Qxc7 {
[%emt 0:00:01]} Ne8 {[%emt 0:00:05]} 24. Qe5 {[%emt 0:00:04]} Qg6 {[%emt 0:00:
03]} 25. f5 {[%emt 0:00:01]} Qg4 {[%emt 0:00:09]} 26. fxe6 {[%emt 0:00:03]} Nf6
{[%emt 0:00:07]} 27. e7 {[%emt 0:00:01]} N8d7 {[%emt 0:00:03]} 28. e8=Q+ {
[%emt 0:00:02]} Nxe8 {[%emt 0:00:03]} 29. Qxe8+ {[%emt 0:00:01]} Kh7 {[%emt 0:
00:02]} 30. Qe4+ {[%emt 0:00:03]} Qxe4 {[%emt 0:00:07]} 31. Rxe4 {[%emt 0:00:
00]} Nf6 {[%emt 0:00:02]} 32. Rxf6 {[%emt 0:00:01]} gxf6 {[%emt 0:00:01]} 33.
Re6 {[%emt 0:00:00]} Kg6 {[%emt 0:00:01]} 34. Rxb6 {[%emt 0:00:01]} Kf5 {[%emt
0:00:01]} 35. Rb5+ {[%emt 0:00:01]} Ke4 {[%emt 0:00:01]} 36. Rxh5 {[%emt 0:00:
01]} f5 {[%emt 0:00:01]} 37. Rh4+ {[%emt 0:00:02]} Kf3 {[%emt 0:00:01]} 38.
Rf4+ {[%emt 0:00:01]} Ke2 {[%emt 0:00:01]} 39. Rf2+ {[%emt 0:00:01]} Kd1 {
[%emt 0:00:01]} 40. Bf4 {[%emt 0:00:04]} Ke1 {[%emt 0:00:03]} 41. h4 {[%emt 0:
00:01]} Kd1 {[%emt 0:00:01]} 42. h5 {[%emt 0:00:00]} Ke1 {[%emt 0:00:02]} 43.
h6 {[%emt 0:00:00]} Kd1 {[%emt 0:00:01]} 44. h7 {[%emt 0:00:00]} Ke1 {[%emt 0:
00:01]} 45. h8=Q {[%emt 0:00:00]} Kd1 {[%emt 0:00:01]} 46. Qg7 {[%emt 0:00:01]}
Ke1 {[%emt 0:00:01]} 47. Qe5+ {[%emt 0:00:01]} Kd1 {[%emt 0:00:01]} 48. Qe2# {
[%emt 0:00:00]} 1-0

[Event "Villarobledo Online Qualifyer"]
[Site "playchess.com #155672"]
[Date "2009.05.23"]
[Round "1"]
[White "-st!er-"]
[Black "Lacryma"]
[Result "1-0"]
[WhiteElo "2846"]
[BlackElo "1813"]
[PlyCount "25"]
[EventDate "2009.05.23"]
[EventType "swiss (blitz)"]

1. e4 {[%emt 0:00:02]} c6 {[%emt 0:00:03]} 2. d4 {[%emt 0:00:02]} d5 {[%emt 0:
00:00]} 3. e5 {[%emt 0:00:00]} Bf5 {[%emt 0:00:02]} 4. Nf3 {[%emt 0:00:00]} e6
{[%emt 0:00:02]} 5. Be2 {[%emt 0:00:00]} Ne7 {[%emt 0:00:05]} 6. O-O {[%emt 0:
00:00]} c5 {[%emt 0:00:04]} 7. Na3 {[%emt 0:00:06]} Nbc6 {[%emt 0:00:07]} 8. c4
{[%emt 0:00:04]} cxd4 {[%emt 0:00:03]} 9. Nb5 {[%emt 0:00:01]} dxc4 {[%emt 0:
00:05]} 10. Nd6+ {[%emt 0:00:02]} Kd7 {[%emt 0:00:03]} 11. Nxd4 {[%emt 0:00:07]
} Nxd4 {[%emt 0:00:03]} 12. Qxd4 {[%emt 0:00:01]} Nd5 {[%emt 0:00:01]} 13. Nxf5
{[%emt 0:00:04] Lacryma gibt auf} 1-0

[Event "Villarobledo Online Qualifyer"]
[Site "playchess.com #155672"]
[Date "2009.05.23"]
[Round "1"]
[White "Steflenicois"]
[Black "Murri"]
[Result "1-0"]
[WhiteElo "2516"]
[BlackElo "1709"]
[PlyCount "73"]
[EventDate "2009.05.23"]
[EventType "swiss (blitz)"]

1. e4 {[%emt 0:00:02]} c5 {[%emt 0:00:02]} 2. Nf3 {[%emt 0:00:01]} d6 {[%emt 0:
00:01]} 3. d4 {[%emt 0:00:00]} cxd4 {[%emt 0:00:01]} 4. Nxd4 {[%emt 0:00:00]}
Nf6 {[%emt 0:00:01]} 5. Nc3 {[%emt 0:00:01]} a6 {[%emt 0:00:01]} 6. Be3 {[%emt
0:00:01]} e5 {[%emt 0:00:02]} 7. Nb3 {[%emt 0:00:01]} Be7 {[%emt 0:00:02]} 8.
f3 {[%emt 0:00:00]} Be6 {[%emt 0:00:01]} 9. Qd2 {[%emt 0:00:00]} Qc7 {[%emt 0:
00:04]} 10. O-O-O {[%emt 0:00:00]} Nbd7 {[%emt 0:00:02]} 11. Kb1 {[%emt 0:00:
00]} b5 {[%emt 0:00:04]} 12. g4 {[%emt 0:00:01]} Nc5 {[%emt 0:00:09]} 13. h4 {
[%emt 0:00:03]} O-O {[%emt 0:00:21]} 14. h5 {[%emt 0:00:01]} Bc4 {[%emt 0:00:
16]} 15. g5 {[%emt 0:00:03]} Nxb3 {[%emt 0:00:13]} 16. axb3 {[%emt 0:00:04]}
Bxf1 {[%emt 0:00:04]} 17. gxf6 {[%emt 0:00:01]} Bxf6 {[%emt 0:00:19]} 18. Rhxf1
{[%emt 0:00:04]} Rac8 {[%emt 0:00:19]} 19. Qxd6 {[%emt 0:00:02]} b4 {[%emt 0:
00:06]} 20. Qxc7 {[%emt 0:00:01]} Rxc7 {[%emt 0:00:01]} 21. Nd5 {[%emt 0:00:00]
} Rc6 {[%emt 0:00:01]} 22. Nxf6+ {[%emt 0:00:02]} Rxf6 {[%emt 0:00:01]} 23. Rd5
{[%emt 0:00:03]} Rc8 {[%emt 0:00:07]} 24. Rfd1 {[%emt 0:00:01]} h6 {[%emt 0:00:
02]} 25. Rxe5 {[%emt 0:00:02]} Rfc6 {[%emt 0:00:03]} 26. Rd2 {[%emt 0:00:03]}
Rf6 {[%emt 0:00:05]} 27. f4 {[%emt 0:00:01]} Rfc6 {[%emt 0:00:09]} 28. Red5 {
[%emt 0:00:01]} R8c7 {[%emt 0:00:02]} 29. e5 {[%emt 0:00:01]} g6 {[%emt 0:00:
05]} 30. hxg6 {[%emt 0:00:01]} Rxg6 {[%emt 0:00:04]} 31. f5 {[%emt 0:00:03]}
Rg3 {[%emt 0:00:06]} 32. Bxh6 {[%emt 0:00:02]} Rg1+ {[%emt 0:00:14]} 33. Rd1 {
[%emt 0:00:01]} Rg2 {[%emt 0:00:01]} 34. R5d2 {[%emt 0:00:04]} Rg4 {[%emt 0:00:
07]} 35. f6 {[%emt 0:00:01]} Rg6 {[%emt 0:00:08]} 36. Bg7 {[%emt 0:00:01]} Rg3
{[%emt 0:00:03]} 37. Rh2 {[%emt 0:00:01] Murri resigns} 1-0

[Event "Villarobledo Online Qualifyer"]
[Site "playchess.com #155672"]
[Date "2009.05.23"]
[Round "1"]
[White "Avazino"]
[Black "Badluck007"]
[Result "1-0"]
[WhiteElo "2050"]
[BlackElo "834"]
[PlyCount "37"]
[EventDate "2009.05.23"]
[EventType "swiss (blitz)"]

1. c4 {[%emt 0:00:02]} d5 {[%emt 0:01:14]} 2. cxd5 {[%emt 0:00:04]} Qxd5 {
[%emt 0:00:00]} 3. Nc3 {[%emt 0:00:01]} Qd8 {[%emt 0:00:02]} 4. e4 {[%emt 0:00:
01]} Nf6 {[%emt 0:00:00]} 5. g3 {[%emt 0:00:00]} e6 {[%emt 0:00:00]} 6. Bg2 {
[%emt 0:00:00]} Bb4 {[%emt 0:00:01]} 7. Nge2 {[%emt 0:00:00]} Nc6 {[%emt 0:00:
01]} 8. d4 {[%emt 0:00:01]} e5 {[%emt 0:00:03]} 9. d5 {[%emt 0:00:02]} Nd4 {
[%emt 0:00:10]} 10. Nxd4 {[%emt 0:00:05]} exd4 {[%emt 0:00:00]} 11. Qxd4 {
[%emt 0:00:01]} c5 {[%emt 0:00:15]} 12. Qe5+ {[%emt 0:00:06]} Qe7 {[%emt 0:00:
36]} 13. Qxe7+ {[%emt 0:00:03]} Kxe7 {[%emt 0:00:03]} 14. O-O {[%emt 0:00:02]}
Re8 {[%emt 0:00:19]} 15. Bg5 {[%emt 0:00:03]} h6 {[%emt 0:00:02]} 16. Bf4 {
[%emt 0:00:05]} Bxc3 {[%emt 0:00:01]} 17. bxc3 {[%emt 0:00:01]} Kf8 {[%emt 0:
00:00]} 18. Rfe1 {[%emt 0:00:01]} Nd7 {[%emt 0:00:12]} 19. e5 {[%emt 0:00:02]
Time} 1-0

[Event "Villarobledo Online Qualifyer"]
[Site "playchess.com #155672"]
[Date "2009.05.23"]
[Round "1"]
[White "Tdurden"]
[Black "Molina"]
[Result "1-0"]
[WhiteElo "2187"]
[BlackElo "1559"]
[PlyCount "73"]
[EventDate "2009.05.23"]
[EventType "swiss (blitz)"]

1. e4 {[%emt 0:00:02]} c5 {[%emt 0:00:01]} 2. Nf3 {[%emt 0:00:03]} Nc6 {[%emt
0:00:01]} 3. d4 {[%emt 0:00:03]} cxd4 {[%emt 0:00:01]} 4. Nxd4 {[%emt 0:00:00]}
g6 {[%emt 0:00:00]} 5. c4 {[%emt 0:00:03]} Bg7 {[%emt 0:00:01]} 6. Be3 {[%emt
0:00:02]} Nf6 {[%emt 0:00:01]} 7. Nc3 {[%emt 0:00:05]} O-O {[%emt 0:00:01]} 8.
Be2 {[%emt 0:00:02]} d6 {[%emt 0:00:00]} 9. O-O {[%emt 0:00:02]} Bd7 {[%emt 0:
00:01]} 10. Qd2 {[%emt 0:00:02]} Nxd4 {[%emt 0:00:02]} 11. Bxd4 {[%emt 0:00:03]
} Bc6 {[%emt 0:00:00]} 12. f3 {[%emt 0:00:03]} a5 {[%emt 0:00:01]} 13. b3 {
[%emt 0:00:03]} Rc8 {[%emt 0:00:01]} 14. Rab1 {[%emt 0:00:03]} Ne8 {[%emt 0:00:
05]} 15. Be3 {[%emt 0:00:05]} Qc7 {[%emt 0:00:10]} 16. Rfc1 {[%emt 0:00:11]} e6
{[%emt 0:00:06]} 17. Nb5 {[%emt 0:00:05]} Bxb5 {[%emt 0:00:03]} 18. cxb5 {
[%emt 0:00:02]} Qd7 {[%emt 0:00:02]} 19. Rxc8 {[%emt 0:00:03]} Qxc8 {[%emt 0:
00:01]} 20. Rc1 {[%emt 0:00:05]} Qd7 {[%emt 0:00:01]} 21. Qxa5 {[%emt 0:00:10]}
Nf6 {[%emt 0:00:06]} 22. Rc7 {[%emt 0:00:05]} Qd8 {[%emt 0:00:06]} 23. Bb6 {
[%emt 0:00:05]} Qb8 {[%emt 0:00:04]} 24. Qa7 {[%emt 0:00:11]} Qxa7 {[%emt 0:00:
02]} 25. Bxa7 {[%emt 0:00:01]} Ra8 {[%emt 0:00:01]} 26. Rxb7 {[%emt 0:00:02]}
d5 {[%emt 0:00:02]} 27. e5 {[%emt 0:00:04]} Nh5 {[%emt 0:00:01]} 28. Bd4 {
[%emt 0:00:08]} Rxa2 {[%emt 0:00:05]} 29. Rb8+ {[%emt 0:00:08]} Bf8 {[%emt 0:
00:01]} 30. b6 {[%emt 0:00:04]} Kg7 {[%emt 0:00:13]} 31. Rxf8 {[%emt 0:00:09]}
Kxf8 {[%emt 0:00:01]} 32. b7 {[%emt 0:00:01]} Rxe2 {[%emt 0:00:12]} 33. b8=Q+ {
[%emt 0:00:01]} Kg7 {[%emt 0:00:01]} 34. Kf1 {[%emt 0:00:06]} Rd2 {[%emt 0:00:
07]} 35. Be3 {[%emt 0:00:02]} Rd3 {[%emt 0:00:08]} 36. Ke2 {[%emt 0:00:01]} Rc3
{[%emt 0:00:02]} 37. g4 {[%emt 0:00:02] Molina rinde} 1-0

[Event "Villarobledo Online Qualifyer"]
[Site "playchess.com #155672"]
[Date "2009.05.23"]
[Round "1"]
[White "Retep1"]
[Black "Jrt"]
[Result "0-1"]
[WhiteElo "1579"]
[BlackElo "2214"]
[PlyCount "36"]
[EventDate "2009.05.23"]
[EventType "swiss (blitz)"]

1. d4 {[%emt 0:00:02]} Nf6 {[%emt 0:00:02]} 2. c4 {[%emt 0:00:04]} c5 {[%emt 0:
00:01]} 3. d5 {[%emt 0:00:06]} b5 {[%emt 0:00:01]} 4. cxb5 {[%emt 0:00:45]} a6
{[%emt 0:00:01]} 5. bxa6 {[%emt 0:00:10]} Bxa6 {[%emt 0:00:01]} 6. Nc3 {[%emt
0:00:18]} d6 {[%emt 0:00:01]} 7. e4 {[%emt 0:00:14]} Bxf1 {[%emt 0:00:02]} 8.
Kxf1 {[%emt 0:00:03]} g6 {[%emt 0:00:00]} 9. g3 {[%emt 0:00:10]} Bg7 {[%emt 0:
00:01]} 10. Kg2 {[%emt 0:00:07]} O-O {[%emt 0:00:01]} 11. Nf3 {[%emt 0:00:06]}
Nbd7 {[%emt 0:00:01]} 12. h3 {[%emt 0:00:05]} Ra6 {[%emt 0:00:01]} 13. Re1 {
[%emt 0:00:05]} Qa8 {[%emt 0:00:01]} 14. Bg5 {[%emt 0:00:06]} h6 {[%emt 0:00:
03]} 15. Bd2 {[%emt 0:00:06]} Rb8 {[%emt 0:00:01]} 16. Qc2 {[%emt 0:00:17]} Ne8
{[%emt 0:00:02]} 17. Reb1 {[%emt 0:00:14]} Nc7 {[%emt 0:00:02]} 18. Rc1 {[%emt
0:00:34]} Nb6 {[%emt 0:00:03] Jrt claims flag (automatic).} 0-1

[Event "Villarobledo Online Qualifyer"]
[Site "playchess.com #155672"]
[Date "2009.05.23"]
[Round "1"]
[White "Burim999"]
[Black "MateJaque"]
[Result "0-1"]
[WhiteElo "1555"]
[BlackElo "2183"]
[PlyCount "60"]
[EventDate "2009.05.23"]
[EventType "swiss (blitz)"]

1. d4 {[%emt 0:00:01]} Nf6 {[%emt 0:00:06]} 2. c4 {[%emt 0:00:02]} g6 {[%emt 0:
00:01]} 3. Nc3 {[%emt 0:00:01]} Bg7 {[%emt 0:00:01]} 4. e3 {[%emt 0:00:01]} d6
{[%emt 0:00:01]} 5. Nf3 {[%emt 0:00:01]} Nbd7 {[%emt 0:00:01]} 6. Bd3 {[%emt 0:
00:01]} O-O {[%emt 0:00:01]} 7. O-O {[%emt 0:00:01]} e5 {[%emt 0:00:01]} 8. d5
{[%emt 0:00:04]} Re8 {[%emt 0:00:09]} 9. e4 {[%emt 0:00:01]} Nh5 {[%emt 0:00:
06]} 10. Bg5 {[%emt 0:00:07]} f6 {[%emt 0:00:01]} 11. Bh4 {[%emt 0:00:01]} Nf8
{[%emt 0:00:07]} 12. Ne1 {[%emt 0:00:15]} Nf4 {[%emt 0:00:06]} 13. Bg3 {[%emt
0:00:08]} Nxd3 {[%emt 0:00:09]} 14. Qxd3 {[%emt 0:00:02]} g5 {[%emt 0:00:01]}
15. f3 {[%emt 0:00:02]} Ng6 {[%emt 0:00:01]} 16. Nc2 {[%emt 0:00:04]} h5 {
[%emt 0:00:06]} 17. Qd2 {[%emt 0:00:06]} h4 {[%emt 0:00:05]} 18. Bf2 {[%emt 0:
00:01]} b6 {[%emt 0:00:16]} 19. Ne3 {[%emt 0:00:04]} Nf4 {[%emt 0:00:05]} 20.
Nf5 {[%emt 0:00:15]} Qd7 {[%emt 0:00:04]} 21. Be3 {[%emt 0:00:04]} Qf7 {[%emt
0:00:04]} 22. Bxf4 {[%emt 0:00:02]} exf4 {[%emt 0:00:03]} 23. Nd4 {[%emt 0:00:
05]} f5 {[%emt 0:00:10]} 24. exf5 {[%emt 0:00:03]} Bxd4+ {[%emt 0:00:08]} 25.
Qxd4 {[%emt 0:00:03]} Bxf5 {[%emt 0:00:01]} 26. Rae1 {[%emt 0:00:02]} a6 {
[%emt 0:00:07]} 27. Ne4 {[%emt 0:00:08]} Bxe4 {[%emt 0:00:04]} 28. Rxe4 {[%emt
0:00:02]} Rxe4 {[%emt 0:00:05]} 29. Qxe4 {[%emt 0:00:01]} Re8 {[%emt 0:00:04]}
30. Qf5 {[%emt 0:00:26]} Qxf5 {[%emt 0:00:02] Burim999 gibt auf} 0-1